Statistics for 20 Random 3-letter Country Codes

Click here to take the quiz!

General Stats

  • This quiz has been taken 56 times
  • The average score is 13 of 20

Answer Stats

codeCountry% Correct
BRNBrunei
100%
CUBCuba
100%
CYPCyprus
100%
ECUEcuador
100%
EGYEgypt
100%
ETHEthiopia
100%
FINFinland
100%
FRAFrance
100%
GTMGuatemala
100%
HKGHong Kong
100%
ISLIceland
100%
IRNIran
100%
IRQIraq
100%
JAMJamaica
100%
KAZKazakhstan
100%
LVALatvia
100%
MLTMalta
100%
MMRMyanmar
100%
NRUNauru
100%
PANPanama
100%
PRIPuerto Rico
100%
SRBSerbia
100%
SVNSlovenia
100%
SOMSomalia
100%
TGOTogo
100%
TURTurkey
100%
VATVatican City
100%
BDIBurundi
50%
DJIDjibouti
50%
HTIHaiti
50%
KENKenya
50%
AFGAfghanistan
0%
ALAÅland Islands
0%
ALBAlbania
0%
DZAAlgeria
0%
ASMAmerican Samoa
0%
ANDAndorra
0%
AGOAngola
0%
AIAAnguilla
0%
ATAAntarctica
0%
ATGAntigua and Barbuda
0%
ARGArgentina
0%
ARMArmenia
0%
ABWAruba
0%
AUSAustralia
0%
AUTAustria
0%
AZEAzerbaijan
0%
BHSBahamas
0%
BHRBahrain
0%
BGDBangladesh
0%
BRBBarbados
0%
BLRBelarus
0%
BELBelgium
0%
BLZBelize
0%
BENBenin
0%
BMUBermuda
0%
BTNBhutan
0%
BOLBolivia
0%
BESBonaire, Sint Eustatius and Saba
0%
BIHBosnia and Herzegovina
0%
BWABotswana
0%
BVTBouvet Island
0%
BRABrazil
0%
IOTBritish Indian Ocean Territory
0%
BGRBulgaria
0%
BFABurkina Faso
0%
KHMCambodia
0%
CMRCameroon
0%
CANCanada
0%
CPVCape Verde
0%
CYMCayman Islands
0%
CAFCentral African Republic
0%
TCDChad
0%
CHLChile
0%
CHNChina
0%
CXRChristmas Island
0%
CCKCocos (Keeling) Islands
0%
COLColombia
0%
COMComoros
0%
COKCook Islands
0%
CRICosta Rica
0%
CIVCôte d'Ivoire
0%
HRVCroatia
0%
CUWCuraçao
0%
CZECzechia
0%
CODDemocratic Republic of the Congo
0%
DNKDenmark
0%
DMADominica
0%
DOMDominican Republic
0%
TLSEast Timor
0%
SLVEl Salvador
0%
GNQEquatorial Guinea
0%
ERIEritrea
0%
ESTEstonia
0%
SWZEswatini
0%
FLKFalkland Islands (Malvinas)
0%
FROFaroe Islands
0%
FSMFederated States of Micronesia
0%
FJIFiji
0%
GUFFrench Guiana
0%
PYFFrench Polynesia
0%
ATFFrench Southern Territories
0%
GABGabon
0%
GMBGambia
0%
GEOGeorgia
0%
DEUGermany
0%
GHAGhana
0%
GIBGibraltar
0%
GRCGreece
0%
GRLGreenland
0%
GRDGrenada
0%
GLPGuadeloupe
0%
GUMGuam
0%
GGYGuernsey
0%
GINGuinea
0%
GNBGuinea-Bissau
0%
GUYGuyana
0%
HMDHeard Island and McDonald Islands
0%
HNDHonduras
0%
HUNHungary
0%
INDIndia
0%
IDNIndonesia
0%
IRLIreland
0%
IMNIsle of Man
0%
ISRIsrael
0%
ITAItaly
0%
JPNJapan
0%
JEYJersey
0%
JORJordan
0%
KIRKiribati
0%
KWTKuwait
0%
KGZKyrgyzstan
0%
LAOLaos
0%
LBNLebanon
0%
LSOLesotho
0%
LBRLiberia
0%
LBYLibya
0%
LIELiechtenstein
0%
LTULithuania
0%
LUXLuxembourg
0%
MACMacao
0%
MDGMadagascar
0%
MWIMalawi
0%
MYSMalaysia
0%
MDVMaldives
0%
MLIMali
0%
MHLMarshall Islands
0%
MTQMartinique
0%
MRTMauritania
0%
MUSMauritius
0%
MYTMayotte
0%
MEXMexico
0%
MDAMoldova
0%
MCOMonaco
0%
MNGMongolia
0%
MNEMontenegro
0%
MSRMontserrat
0%
MARMorocco
0%
MOZMozambique
0%
NAMNamibia
0%
NPLNepal
0%
NLDNetherlands
0%
NCLNew Caledonia
0%
NZLNew Zealand
0%
NICNicaragua
0%
NERNiger
0%
NGANigeria
0%
NIUNiue
0%
NFKNorfolk Island
0%
MNPNorthern Mariana Islands
0%
PRKNorth Korea
0%
MKDNorth Macedonia
0%
NORNorway
0%
OMNOman
0%
PAKPakistan
0%
PLWPalau
0%
PSEPalestine
0%
PNGPapua New Guinea
0%
PRYParaguay
0%
PERPeru
0%
PHLPhilippines
0%
PCNPitcairn
0%
POLPoland
0%
PRTPortugal
0%
QATQatar
0%
COGRepublic of the Congo
0%
REURéunion
0%
ROURomania
0%
RUSRussia
0%
RWARwanda
0%
BLMSaint Barthélemy
0%
SHNSaint Helena, Ascension and Tristan da Cunha
0%
KNASaint Kitts and Nevis
0%
LCASaint Lucia
0%
MAFSaint Martin
0%
SPMSaint Pierre and Miquelon
0%
VCTSaint Vincent and the Grenadines
0%
WSMSamoa
0%
SMRSan Marino
0%
STPSao Tome and Principe
0%
SAUSaudi Arabia
0%
SENSenegal
0%
SYCSeychelles
0%
SLESierra Leone
0%
SGPSingapore
0%
SXMSint Maarten
0%
SVKSlovakia
0%
SLBSolomon Islands
0%
ZAFSouth Africa
0%
SGSSouth Georgia and the South Sandwich Islands
0%
KORSouth Korea
0%
SSDSouth Sudan
0%
ESPSpain
0%
LKASri Lanka
0%
SDNSudan
0%
SURSuriname
0%
SJMSvalbard and Jan Mayen
0%
SWESweden
0%
CHESwitzerland
0%
SYRSyria
0%
TWNTaiwan
0%
TJKTajikistan
0%
TZATanzania
0%
THAThailand
0%
TKLTokelau
0%
TONTonga
0%
TTOTrinidad and Tobago
0%
TUNTunisia
0%
TKMTurkmenistan
0%
TCATurks and Caicos
0%
TUVTuvalu
0%
UGAUganda
0%
UKRUkraine
0%
AREUnited Arab Emirates
0%
GBRUnited Kingdom
0%
USAUnited States
0%
UMIUnited States Minor Outlying Islands
0%
URYUruguay
0%
UZBUzbekistan
0%
VUTVanuatu
0%
VENVenezuela
0%
VNMVietnam
0%
VGBVirgin Islands (British)
0%
VIRVirgin Islands (U.S.)
0%
WLFWallis and Futuna
0%
ESHWestern Sahara
0%
YEMYemen
0%
ZMBZambia
0%
ZWEZimbabwe
0%

Score Distribution

Percentile by Number Answered

Percent of People with Each Score

Your Score History

You have not taken this quiz